000 00372nam a2200157Ia 4500
003 Ost
005 20260225132559.0
008 260225s9999||||xx |||||||||||||| ||und||
040 _cfsic
041 _afre
082 _a940.53
100 _aHAKIM BEN HAMMOUDA
_eAuteur
245 0 _aLE Modéle asiatique en questions /
245 0 _cHAKIM BEN HAMMOUDA
942 _cكتاب
999 _c34672
_d34672